| 000 | 00553nam a2200205Ia 4500 | ||
|---|---|---|---|
| 005 | 20250505145742.0 | ||
| 008 | 008 250505s9999 xx 000 0 eng d | ||
| 037 | _aTextbook | ||
| 040 |
_aFML _beng _cFML |
||
| 041 |
_aeng _2eng |
||
| 084 |
_aNROq O R4 _qFML |
||
| 100 |
_aPraveen, Patnaik _9754341 |
||
| 245 | 0 | _aPoetic Music Rhythm And Harmony | |
| 260 |
_aDelhi _bCommonwealth Pub. (P) Ltd. _c2024 |
||
| 300 | _a307p | ||
| 365 |
_aINR _b1495 |
||
| 650 | _aMusic | ||
| 942 |
_cTB _hNROq O R4 |
||
| 999 |
_c1311768 _d1311768 |
||